banner koha

Crescimento e conversao da energia solar em sistemas de cultivos associados e exclusivos de milho e feijao 2: feijao das aguas (Registro n. 122366)

MARC details
000 -LÍDER
campo de controle de tamanho fixo 01048nas a2200313 4500
001 - NÚMERO DE CONTROLE
campo de controle BR8801023
003 - IDENTIFICADOR DO NÚMERO DE CONTROLE
campo de controle BR-BrBNA
005 - DATA E HORÁRIO DA ÚLTIMA TRANSAÇÃO
campo de controle 20231205091035.0
007 - CAMPO FIXO DE DESCRIÇÃO FÍSICA--INFORMAÇÃO GERAL
campo de controle de tamanho fixo ta
008 - CAMPO DE DADOS FIXOS--INFORMAÇÃO GERAL
campo de controle de tamanho fixo 230509b bl.|||p| |||| 00| 00por d
040 ## - FONTE DA CATALOGAÇÃO
Instituição da catalogação original BR-BrBNA
Idioma da catalogação por
Instituição que transcreveu o registro Biblioteca Nacional de Agricultura
041 ## - CÓDIGO DE IDIOMA
Código do idioma do texto/trilha sonora ou título diferente (Pt)
072 ## - CÓDIGO DE CATEGORIA DE ASSUNTO
Código de Categoria de Assunto F08
100 1# - ENTRADA PRINCIPAL--NOME PESSOAL
Nome pessoal Araujo, G.A. de A.
100 1# - ENTRADA PRINCIPAL--NOME PESSOAL
Nome pessoal Fontes, L.A.N.
100 1# - ENTRADA PRINCIPAL--NOME PESSOAL
Nome pessoal Lopes, N.F.
100 1# - ENTRADA PRINCIPAL--NOME PESSOAL
Nome pessoal Galvao, J.D.
100 1# - ENTRADA PRINCIPAL--NOME PESSOAL
Nome pessoal Sediyama, G.C.
245 1# - TÍTULO
Título Crescimento e conversao da energia solar em sistemas de cultivos associados e exclusivos de milho e feijao 2: feijao das aguas
246 1# - FORMA VARIANTE DO TÍTULO
Título/título abreviado Growth and conversion of solar energy in associated and monoculture systems of corn and beans, 2: rainy season beans
650 ## - ASSUNTO--TERMO TÓPICO
Cabeçalho tópico ou nome geográfico MILHO
650 ## - ASSUNTO--TERMO TÓPICO
Cabeçalho tópico ou nome geográfico FEIJAO
650 ## - ASSUNTO--TERMO TÓPICO
Cabeçalho tópico ou nome geográfico SISTEMA DE CULTIVO
650 ## - ASSUNTO--TERMO TÓPICO
Cabeçalho tópico ou nome geográfico CRESCIMENTO
650 ## - ASSUNTO--TERMO TÓPICO
Cabeçalho tópico ou nome geográfico ENERGIA SOLAR
773 0# - ENTRADA ANALÍTICA
Título Revista Ceres (Brazil)
ISSN - International Standard Serial Number ISSN 0034-737X
Partes relacionadas (Jan-Feb 1987), v. 34(191) p. 42-63
Número de controle do registro BR8801023
909 ## -
-- 202311
-- Lúcia
-- 55
-- Lúcia Elande
942 ## - ELEMENTOS DE ENTRADA ADICIONADOS (KOHA)
Fonte da classificação ou esquema de arquivamento na estante Classificação AGRIS
Ocultar no OPAC Não
Tipo de material Koha Analítica
Exemplares
Situação do descarte Fonte da classificação ou esquema de arquivamento na estante Situação física Não pode ser emprestado Biblioteca de origem Biblioteca atual Localização na estante Enumeração do periódico / cronologia Total de empréstimos Data de último acesso Número do exemplar Tipo de material Koha Fonte de aquisição
  Classificação AGRIS   Consulta local Biblioteca Nacional de Agricultura - Binagri Biblioteca Nacional de Agricultura - Binagri   (Jan-Feb 1987), v. 34(191) p. 42-63   29/11/2023 01 Periódicos Portaria Interministerial nº 164/94

BINAGRI

Telefone: (61)3218-2567/2388/3357/2097 - binagri@agro.gov.br

Ministério da Agricultura e Pecuária , Esplanada dos Ministérios, Bloco D, Anexo B, Brasília/DF, CEP: 70.043-900